000 00826nam a2200253Ia 4500
003 OSt
005 20220923215853.0
006 a|||||r|||| 00| 0
007 ta
008 220922b |||||||| |||| 00| 0 hin d
024 _a182,406
037 _cTextual
040 _aARTS
_cARTS
_bhin
041 _2hin
_ahin
082 _aO152,1M112x, J9
100 _aशमशेर बहादुर सिंह
245 0 _aचुनी हुई कुछ कविताएं
246 _aChunī huī kuchh kavitāean
260 _aवाराणसी
_b जगत शडधर
_c1959
300 _a64 पृ.
_ccm.
650 _aहिन्दी साहित्य
_9156264
942 _hO152,1M112x, J9
_cTEXL
_2CC
999 _c335770
_d335770